Statistics for Guess That Hamilton Song!

Click here to take the quiz!

General Stats

  • This quiz has been taken 1,358 times
  • The average score is 316 of 418

Answer Stats

Answer% Correct
a
98%
I
95%
The
93%
(The
93%
the
93%
You
90%
you
90%
an
89%
who
88%
he
87%
"We
87%
we
87%
me!
86%
me
86%
me,
86%
me.
86%
to
86%
and
85%
And
85%
be
85%
In
84%
in
84%
it
83%
men
82%
not
82%
when
82%
your
82%
Eliza,
81%
Eliza!
81%
go.
81%
go
81%
is
81%
know.
81%
know
81%
So
81%
so
81%
what
81%
Angelica!
80%
Angelica,
80%
does
80%
look
80%
Look
80%
my
80%
Peggy!
80%
Peggy,
80%
sisters!
80%
Sisters!
80%
that
80%
at
79%
his
79%
(Work,
79%
Work!
79%
work!)
79%
(Work!)
79%
Work,
79%
work!
79%
are
78%
around,
78%
around -
78%
But -
78%
but
78%
city.
78%
city
78%
I'm
78%
Like
78%
like
78%
man
78%
Schuyler
78%
Schuyler,
78%
by
77%
Daddy
77%
downtown.
77%
downtown
77%
for
77%
for -
77%
New
77%
(New
77%
said
77%
said,
77%
York!
77%
York)
77%
all
76%
Burr,
76%
revolution?
76%
you're
76%
happen
75%
home
75%
how
75%
just
75%
need
75%
on
75%
want
75%
can
74%
doesn't
74%
free
74%
They
74%
lookin'
73%
nothin'
73%
nothing
73%
oh,
73%
There's
73%
happenin'
72%
sundown.
72%
Thomas
72%
with
72%
daughters,
71%
it's
71%
It's
71%
little
71%
love
71%
Phillip
71%
poor.
71%
Take
71%
loaded.
70%
mind
70%
more
70%
rich
70%
Some
70%
watch
70%
We're
70%
we're
70%
going
69%
Jefferson,
69%
looking
69%
say
69%
Than
69%
war.
69%
world!)
69%
world!
69%
common
68%
Common
68%
right
68%
slummin'
68%
alive
67%
'em
67%
folks
67%
got
67%
guys!
67%
happening
67%
meet
67%
money.
67%
now!
67%
disgust
66%
him
66%
lucky
66%
or
66%
perfume
66%
smells
66%
summer
66%
trust
66%
up
66%
baby,
65%
equal!"
65%
greatest
65%
listen
65%
our
65%
these
65%
women
65%
been
64%
hold
64%
I've
64%
miss,
64%
reading
64%
remind
64%
revelation!
64%
created
63%
daddy's
63%
declaration!
63%
enough
63%
fund
63%
insane.
63%
People
63%
pretty.
63%
revolution's
63%
sequel!
63%
talk!
63%
their
63%
Why
63%
air.
62%
Excuse
62%
funny,
62%
include
62%
into
62%
Sense
62%
Someone
62%
someone
62%
fancy
61%
ideas
61%
She's
61%
truths
61%
wants
61%
bad
60%
heels?
60%
shore.
60%
square.
60%
Uh
60%
intense
59%
Paine.
59%
pull
59%
shouting
59%
give
58%
History
58%
Sneak
58%
violence
58%
Ah,
57%
discussed
57%
searchin'
57%
self-evident,
57%
students
57%
you've
57%
carriages
56%
ideals?
56%
rush
56%
there'll
56%
gawk
55%
compel
54%
Manhattan,
54%
urchin
52%
whoa!
49%
Whoa,
49%
next
48%
I'ma
39%
Wooh!
19%

Score Distribution

Percentile by Number Answered

Percent of People with Each Score

Your Score History

You have not taken this quiz